Transparência esquecível do sentir (notice n° 1605137)
[ vue normale ]
| 000 -LEADER | |
|---|---|
| fixed length control field | 01941cam a2200181 4500500 |
| 005 - DATE AND TIME OF LATEST TRANSACTION | |
| control field | 20251228094932.0 |
| 041 ## - LANGUAGE CODE | |
| Language code of text/sound track or separate title | fre |
| 042 ## - AUTHENTICATION CODE | |
| Authentication code | dc |
| 100 10 - MAIN ENTRY--PERSONAL NAME | |
| Personal name | Levécot, Agnès |
| Relator term | author |
| 245 00 - TITLE STATEMENT | |
| Title | Transparência esquecível do sentir |
| 260 ## - PUBLICATION, DISTRIBUTION, ETC. | |
| Date of publication, distribution, etc. | 2010.<br/> |
| 500 ## - GENERAL NOTE | |
| General note | 4 |
| 520 ## - SUMMARY, ETC. | |
| Summary, etc. | La nouvelle italienne Senso (1883) de Camillo Boito livre le récit de la passion et de la trahison de la comtesse Livia à travers la lecture qu’il fait de son carnet secret. Ces lectures en abîme – la sienne et la nôtre – montrent que les voies de la passion sont infinies, difficiles à pénétrer, jouant constamment sur la possible ou l’impossible transparence entre les partenaires eux-mêmes, le couple et la société et, in fine, l’écrivain et ses lecteurs. |
| 520 ## - SUMMARY, ETC. | |
| Summary, etc. | Senso (1883), a novella by Camillo Boito, is about the passion and betrayal of Countess Livia, revealed in her secret diary. This mise en abîme of various instances of reading – hers and ours – show us how infinite and impenetrable the ways of passion are by constantly playing on the possibility or impossibility of a transparent relation between the partners, the couple and society and, finally, the writer and his reader. |
| 520 ## - SUMMARY, ETC. | |
| Summary, etc. | A novela italiana Senso (1983) de Camillo Boito desvenda a narrativa da paixão e traição da condessa Livia através da leitura do seu caderno secreto. Essas leituras especulares, encaixadas umas nas outras (a do autor bem como a nossa), mostram quão infinitos são os caminhos da paixão e quão difíceis são de penetrar, a obra jogando constantemente sobre a possível ou impossível transparência existente entre os próprios parceiros na relação, entre o casal e a sociedade, e, em última análise, entre o escritor e os seus leitores. |
| 786 0# - DATA SOURCE ENTRY | |
| Note | Sigila | 25 | 1 | 2010-03-01 | p. 83-83 | 1286-1715 |
| 856 41 - ELECTRONIC LOCATION AND ACCESS | |
| Uniform Resource Identifier | <a href="https://shs.cairn.info/revue-sigila-2010-1-page-83?lang=fr&redirect-ssocas=7080">https://shs.cairn.info/revue-sigila-2010-1-page-83?lang=fr&redirect-ssocas=7080</a> |
Pas d'exemplaire disponible.




Réseaux sociaux